The perfect tree and favorite Christmas Carols / (Record no. 6868)

MARC details
000 -LEADER
fixed length control field 01046nam a22003017a 4500
001 - CONTROL NUMBER
control field 6868
003 - CONTROL NUMBER IDENTIFIER
control field FISKH
005 - DATE AND TIME OF LATEST TRANSACTION
control field 20250604093111.0
008 - FIXED-LENGTH DATA ELEMENTS--GENERAL INFORMATION
fixed length control field 250604b cb ||||| |||| 00| 0 eng d
020 ## - INTERNATIONAL STANDARD BOOK NUMBER
International Standard Book Number 0881011045
040 ## - CATALOGING SOURCE
Original cataloging agency FISKH
Language of cataloging eng
Transcribing agency FISKH
Modifying agency FISKH
050 ## - LIBRARY OF CONGRESS CALL NUMBER
Classification number PZ7.B52855 P
082 ## - DEWEY DECIMAL CLASSIFICATION NUMBER
Classification number 394.2
100 ## - MAIN ENTRY--PERSONAL NAME
Personal name Bivins, Thomas
245 ## - TITLE STATEMENT
Title The perfect tree and favorite Christmas Carols /
Statement of responsibility, etc. Illustrated by Christopher Bivins ; Story by Thomas Bivins
250 ## - EDITION STATEMENT
Edition statement This edition first published in 1990
260 ## - PUBLICATION, DISTRIBUTION, ETC.
Place of publication, distribution, etc. Morris Plain :
Name of publisher, distributor, etc. The Unicorn,
Date of publication, distribution, etc. 1990
300 ## - PHYSICAL DESCRIPTION
Extent 40 unnumbered pages :
Other physical details color illustrations ;
Dimensions 27 cm
505 ## - FORMATTED CONTENTS NOTE
Formatted contents note L<br/>
520 ## - SUMMARY, ETC.
Summary, etc. Badger sets out to find the perfect Christmas tree but is reluctant to destroy the tree's beauty by cutting it down. Includes four traditional Christmas carols.<br/>
521 8# - TARGET AUDIENCE NOTE
Target audience note 510<br/>
Source Lexile<br/>
521 8# - TARGET AUDIENCE NOTE
Target audience note L<br/>
Source Raz-Plus<br/>
650 ## - SUBJECT ADDED ENTRY--TOPICAL TERM
Source of heading or term Children
Topical term or geographic name entry element Christmas
650 ## - SUBJECT ADDED ENTRY--TOPICAL TERM
Source of heading or term Holidays
Topical term or geographic name entry element Joy
700 ## - ADDED ENTRY--PERSONAL NAME
Personal name Bivins, Christopher
Dates associated with a name illustrator
942 ## - ADDED ENTRY ELEMENTS (KOHA)
Source of classification or shelving scheme Dewey Decimal Classification
Koha item type Books
Suppress in OPAC No
Holdings
Withdrawn status Lost status Source of classification or shelving scheme Damaged status Not for loan Collection Home library Current library Shelving location Date acquired Total Checkouts Full call number Barcode Date last seen Copy number Price effective from Koha item type
    Dewey Decimal Classification     Juvenile Fiction Footprints International School Library Network Toul Tom Poung Campus Footprints International School Library Network Toul Tom Poung Campus TTP Primary Yellow Bookshelves 06/04/2025   BIV 394.2 PZ7.B52855 P 2025-1471 06/04/2025 1 06/04/2025 Books